Colores en español - Statistics

General Stats
  • This quiz has been taken 276 times
    45 since last reset
  • The average score is 12 of 18
Answer Stats
Hint Answer % Correct
Green verde
100%
White blanco
97%
Black negro
97%
Red rojo
97%
Blue azul
91%
Yellow amarillo
88%
Grey gris
85%
Pink rosa
85%
Orange naranja
79%
Brown marrón
76%
Gold oro
64%
Purple morado
48%
Silver plata
48%
My favourite colour is... Mi color favorito es
42%
Dark Green Verde oscuro
39%
Bronze bronce
36%
Light Blue Azul claro
21%
Which is your favourite colour? ¿Cuál es tu color favorito?
9%
No matching quizzes found
Score Distribution
Percent of People with Each Score
Percentile by Number Answered
Your Score History
You have not taken this quiz since the last reset